[Event "BL2 West 1112 (Women)"]
[Site "Germany"]
[Date "2011.10.29"]
[Round "1.6"]
[White "Raus, Christina"]
[Black "Brandt, Ina"]
[Result "1/2-1/2"]
[WhiteElo "1458"]
[BlackElo "1200"]
[PlyCount "94"]
[EventDate "2011.10.29"]
[EventType "team-tourn"]
[EventRounds "7"]
[EventCountry "GER"]
[SourceTitle "EXT 2013"]
[Source "ChessBase"]
[SourceDate "2012.11.22"]
[SourceVersion "1"]
[SourceVersionDate "2012.11.22"]
[SourceQuality "1"]
[WhiteTeam "Steinfurt (W)"]
[BlackTeam "Dortmund 1875 (W)"]
[WhiteTeamCountry "GER"]
[BlackTeamCountry "GER"]

1. d4 Nf6 2. c4 g6 3. Nc3 Bg7 4. Bg5 d6 5. e3 0-0 6. Nf3 c5 7. Be2 Na6 8. 0-0 Nc7 9. dxc5 dxc5 10. Rc1 Re8 11. b3 Bg4 12. h3 Bf5 13. Nh4 Ne4 14. Qxd8 Raxd8 15. Nxe4 Bxe4 16. Nf3 Rd7 17. Rcd1 Bf5 18. Rxd7 Bxd7 19. Rd1 Bc6 20. Bf4 Ne6 21. Bg3 Rd8 22. Rxd8+ Nxd8 23. Ne5 Be4 24. Nd7 Ne6 25. Bd1 a6 26. f3 Bb1 27. a4 Bc3 28. Kf2 f6 29. Ke2 Kf7 30. Be1 Bxe1 31. Kxe1 Ke8 32. Nb6 g5 33. a5 Kf7 34. Kd2 Ng7 35. Na4 Ne6 36. Be2 Bg6 37. Kc3 h5 38. b4 cxb4+ 39. Kxb4 Ke8 40. Nc5 Nd8 41. f4 Nc6+ 42. Kc3 Nxa5 43. Bf3 Bf7 44. Bxb7 Nxc4 45. Kd4 a5 46. Bc6+ Kf8 47. Nb7 Kg7 1/2-1/2